Innovation As a Factor of Competitiveness of Small and Medium-Sized Enterprises
Hodnotenie a analýza vplyvu inovácií na štandardy konkurencieschopnosti podnikov v Poľsku. Použitie štatistickej analýzy.
Enregistré dans:
| Auteur principal: | |
|---|---|
| Autres auteurs: | |
| Format: | Chapitre de livre |
| Langue: | anglais |
| Sujets: | |
| Tags: |
Pas de tags, Soyez le premier à ajouter un tag!
|
MARC
| LEADER | 00000naa a2200000 4500 | ||
|---|---|---|---|
| 001 | 0267279 | ||
| 005 | 20220719070827.6 | ||
| 041 | 0 | |a eng | |
| 044 | |a CZ | ||
| 245 | 1 | 0 | |a Innovation As a Factor of Competitiveness of Small and Medium-Sized Enterprises |c Anna Wolak-Tuzimek, Joanna Duda |
| 520 | |a Hodnotenie a analýza vplyvu inovácií na štandardy konkurencieschopnosti podnikov v Poľsku. Použitie štatistickej analýzy. | ||
| 610 | 2 | 0 | |a inovácia |
| 610 | 2 | 0 | |a podnik malý |
| 610 | 2 | 0 | |a podnik stredný |
| 610 | 2 | 0 | |a konkurencieschopnosť |
| 610 | 2 | 0 | |a podnik |
| 610 | 2 | 0 | |a Poľsko |
| 100 | 1 | |a Wolak-Tuzimek, Anna | |
| 700 | 1 | |a Duda, Joanna | |